| 000 | 00453nam a2200181Ia 4500 | ||
|---|---|---|---|
| 001 | 15575 | ||
| 005 | 20260306170206.0 | ||
| 008 | 260306t2013||||xx |||||||||||||| ||und|| | ||
| 041 | _aESP | ||
| 082 |
_a547 _bR73 |
||
| 100 |
_aRodríguez Arguelles, Maria Carmen _eAUT |
||
| 245 | 0 | _aQuímica de los compuestos de coordinación | |
| 260 | _c2013 | ||
| 300 |
_a203 páginas : _c24 cm. |
||
| 650 | _aGEN | ||
| 654 | _aCCN | ||
| 942 |
_cLIB _dJUS _fJUS _2ddc _n |
||
| 999 |
_c15575 _d15575 |
||